Telugu English Words to English - Statistics

General Stats
  • This quiz has been taken 46 times
    17 since last reset
  • The average score is 28 of 33
Answer Stats
Word English % Correct
Barthdé Birthday
93%
Bijines Business
93%
Kampeni Company
93%
Gannu Gun
93%
Halo Hello
93%
Janavari January
93%
Marchi March
93%
Aafis Office
93%
Polisu Police
93%
Yavaréji* Average
86%
Banni Bunny
86%
Kaalar Collar/Caller
86%
Kaléji College
86%
Philim* Film
86%
Phaarin Foreign
86%
Haalu Hall
86%
Laitu Light
86%
Lavvu Love
86%
Nyus News
86%
Koteshan Quotation
86%
Ankul Uncle
86%
Vaacchi* Watch
86%
Varald World
86%
Bassu Bus
79%
Kabéji Cabbage
79%
Charchi Church
79%
Fibravari February
79%
Maddar* Murder
79%
Péji Page
79%
Roddu Road
79%
Yentar Enter
71%
Phoju* Pose
64%
Plaph* Flop
43%
No matching quizzes found
Score Distribution
Percent of People with Each Score
Percentile by Number Answered
Your Score History
You have not taken this quiz since the last reset